000 00323nam a2200133Ia 4500
008 191201s2016 xx 000 0 und d
082 _a510
_bROD
100 _aROSEN, Kenneth H
245 0 _aDiscrete Mathematics and Its Applications
250 _aRep
260 _c2016
_bTMH
_aNEW DELHI
300 _a843
942 _2ddc
_cBK
999 _c7965
_d7965